000 00683nam a2200241Ia 4500
005 20260121112947.0
008 10176 260114s9999 xx 000 0 eng d
020 _a9789812798626
037 _aEBOOK
040 _aCRL
_beng
_cCRL
041 _aeng
_2eng
084 _qCRL
100 _aOgorzalek Maciej J
_9965974
245 0 _aChaos and Complexity in Nonlinear Electronic Circuits
260 _bWorld Scientific
260 _bWSPC
260 _c1997
650 _aNonlinear Science, Chaos & Dynamical Systems
_9965975
856 _uhttps://www.worldscientific.com/worldscibooks/10.1142/3292#t=toc
942 _cEBOOK
999 _c1547476
_d1547476